00943 a2200169 45000010006000000050017000060080041000230030015000640400040000790800104001192450044002232640051002673000019003185050261003371000024005988560151006221536020260407155450.0260407a1975 arg spa dAR-UNSa-BCEJYS aAR-UNSa-BCEJYSbspacAR-UNSa-BCEJYS a347.736xQuiebra. Insolvencia. Suspensión de pagos. Bancarrota, procedimientos. Derecho Concursal10aAlgunas cuestiones de derecho concursal 1aBuenos Aires :bAbaco de Rodolfo Depalmac1975 a238 p.c20 cm. a1. Estructura y principios orientadores de la Ley de Concursos - 2. Aspectos de la verificación de créditos en la Ley de Concursos - 3. La presentación y la ratificación en el concurso preventivo de sociedades - 4. El acuerdo por cesión de bienes1 aAlegría, Héctor41uhttps://biblioeco.unsa.edu.ar/pmb/images/libros/Algunas cuestiones de derecho concursal Alegr?a, H?ctor (1975).jpgyImagen de portadaqimage/jpeg